Impugnación de la resolución administrativa que deniegue el registro de las actas relativas a elecciones de delegados de personal y miembros de comités de empresa (Registro nro. 28361)
[ vista simple ]
| 000 -CABECERA | |
|---|---|
| Longitud fija campo de control | 01085naa a2200277 c 4500 |
| 001 - NÚMERO DE CONTROL | |
| Número de control | 28361 |
| 003 - IDENTIFICADOR DE NÚMERO DE CONTROL | |
| Identificador del número de control | ES-MaCES |
| 005 - FECHA Y HORA DE LA ÚLTIMA TRANSACCIÓN | |
| Fecha y hora de la última transacción | 19981124135500.0 |
| 008 - CAMPO FIJO DE DESCRIPCIÓN FIJA--INFORMACIÓN GENERAL | |
| Códigos de información de longitud fija | 960109n1995 sp ||| | spa d |
| 035 ## - NÚMERO DE CONTROL DEL SISTEMA | |
| Número de control del sistema | CES19980022981v |
| 040 ## - FUENTE DE CATALOGACIÓN | |
| Centro catalogador de origen | ES-MaCES |
| Lengua de catalogación | spa |
| Centro transcriptor | ES-MaCES |
| 100 1# - ENCABEZAMIENTO PRINCIPAL--NOMBRE PERSONAL | |
| Nombre de persona | Barrio Calle, María Asunción |
| 9 (RLIN) | 7180 |
| 245 10 - MENCIÓN DE TÍTULO | |
| Título | Impugnación de la resolución administrativa que deniegue el registro de las actas relativas a elecciones de delegados de personal y miembros de comités de empresa |
| Mención de responsabilidad, etc. | Mª Asunción Barrio Calle |
| 650 #4 - ASIENTO SECUNDARIO DE MATERIA--TÉRMINO DE MATERIA | |
| Término de materia o nombre geográfico como elemento inicial | España |
| 9 (RLIN) | 26964 |
| 650 #4 - ASIENTO SECUNDARIO DE MATERIA--TÉRMINO DE MATERIA | |
| Término de materia o nombre geográfico como elemento inicial | derecho del trabajo |
| 9 (RLIN) | 27165 |
| 650 #4 - ASIENTO SECUNDARIO DE MATERIA--TÉRMINO DE MATERIA | |
| Término de materia o nombre geográfico como elemento inicial | tribunal del trabajo |
| 9 (RLIN) | 27164 |
| 650 #4 - ASIENTO SECUNDARIO DE MATERIA--TÉRMINO DE MATERIA | |
| Término de materia o nombre geográfico como elemento inicial | procedimiento judicial |
| 9 (RLIN) | 29889 |
| 650 #4 - ASIENTO SECUNDARIO DE MATERIA--TÉRMINO DE MATERIA | |
| Término de materia o nombre geográfico como elemento inicial | apelación |
| 9 (RLIN) | 29858 |
| 650 #4 - ASIENTO SECUNDARIO DE MATERIA--TÉRMINO DE MATERIA | |
| Término de materia o nombre geográfico como elemento inicial | sistema electoral |
| 9 (RLIN) | 27195 |
| 650 #4 - ASIENTO SECUNDARIO DE MATERIA--TÉRMINO DE MATERIA | |
| Término de materia o nombre geográfico como elemento inicial | representante de los trabajadores |
| 9 (RLIN) | 28374 |
| 653 10 - TÉRMINO DE INDEXACIÓN--NO CONTROLADO | |
| Término no controlado | Relaciones laborales-Empleo |
| 773 0# - ENTRADA DE DOCUMENTO FUENTE | |
| Título | Actualidad laboral |
| Parte(s) relacionada(s) | Alcobendas, Madrid. - 1995, n. 41 (6-12 nov.) ; p. 703-720 |
| Número de control del registro relacionado | (ES-MaCES)25022 |
| 902 ## - CES. TIPO DE DOCUMENTO | |
| Tipodoc (006$c Sirtex) | ART Artículo de revista |
| 942 ## - ELEMENTOS KOHA | |
| Fuente de clasificaión o esquema | Clasificación propia del CES |
| Koha [por defecto] tipo de item | Artículos (1982-2017) |
| Parte de clasificación | 2.0. |
No hay ítems disponibles.
